| 000 | 00554nam a22001817a 4500 | ||
|---|---|---|---|
| 003 | CEME | ||
| 005 | 20210628202212.0 | ||
| 008 | 210209b xxu||||| |||| 00| 0 eng d | ||
| 020 | _a0-471-68372-8 | ||
| 040 | _c. | ||
| 082 | _a621.3813 MOD | ||
| 100 |
_aBarker , Robert. J ,Booske , John .H ,Luhmann , Neville .C _958742 |
||
| 245 | _aModern microwave and millimeter-wave power electronics | ||
| 260 |
_aUSA _bJOHN WILEY _c2004 |
||
| 300 | _aXXXVII,827P | ||
| 650 |
_aMODERN MICROWAVE AND MILLIMETER-WAVE POWER ELECTRONICS _958743 |
||
| 942 |
_cBK _2ddc |
||
| 999 |
_c568865 _d568865 |
||